000 00327nam a22001457a 4500
008 250709b ||||| |||| 00| 0 eng d
020 _a9789994333035
041 _aSHQIP
080 _22003
_a001
082 _2001
100 _a1
101 _aGJUH DHE LETERSI
245 _aKODI I DA VINCIT
_cDAN BROWN
942 _2udc
_cBK
999 _c60718
_d60718